Kaiser des Heiligen Römischen Reiches mit Bild - Statistiken

Allgemein
  • Dieses Quiz wurde 78 mal gespielt
  • Das Durchschnittsergebnis liegt bei 11 aus 45
Antwortstatistiken
Bildquiz Hint Antwort % Korrekt
800-814 (Karolinger) Karl der Große
91%
814-840 (Karolinger) Ludwig I. der Fromme
49%
962-973 (Liudolfinger) Otto I. der Große
49%
1520-1556 (Habsburg) Karl V.
40%
1508-1519 (Habsburg) Maximilian I.
38%
973-983 (Liudolfinger Otto II.
37%
1792-1806 (Habsburg) Franz II.
35%
1155-1190 (Staufer) Friedrich I. Barbarossa
35%
996-1002 (Liudolfinger) Otto III.
35%
1658-1705 (Habsburg) Leopold I.
28%
1558-1564 (Habsburg) Ferdinand I.
26%
1745-1765 (Habsburg) Franz I.
26%
1220-1250 (Staufer) Friedrich II.
26%
1452-1493 (Habsburg) Friedrich III.
26%
1790-1792 (Habsburg) Leopold II.
25%
840-855 (Karolinger) Lothar I.
25%
1433-1437 (Luxemburg) Sigismund
25%
1619-1637 (Habsburg) Ferdinand II.
24%
1637-1657 (Habsburg) Ferdinand III.
24%
1084-1105 (Salier) Heinrich IV.
24%
1355-1378 (Luxemburg) Karl IV.
24%
1612-1619 (Habsburg) Matthias
24%
1046-1056 (Salier) Heinrich III.
22%
1765-1790 (Habsburg) Joseph II.
22%
1027-1039 (Salier) Konrad II.
21%
1014-1024 (Liudolfinger) Heinrich II.
19%
1111-1125 (Salier) Heinrich V.
19%
891-894 (Guidonen) Guido von Spoleto
18%
1705-1711 (Habsburg) Joseph I.
18%
881-888 (Karolinger) Karl III. der Dicke
18%
1711-1740 (Habsburg) Karl VI.
18%
1742-1745 (Wittelsbacher) Karl VII.
18%
1564-1576 (Habsburg) Maximilian II.
18%
1209-1218 (Welfen) Otto IV:
18%
1191-1197 (Staufer) Heinrich VI.
16%
855-875 (Karolinger) Ludwig II.
16%
875-877 (Karolinger) Karl II. der Kahle
15%
1576-1612 (Habsburg) Rudolf II.
15%
1328-1347 (Wittelsbacher) Ludwig IV. der Bayer
13%
1133-1137 (Supplinburger) Lothar III.
12%
1312-1313 (Luxemburg) Heinrich VII.
9%
896-899 (Karolinger) Arnolf von Kärnten
7%
901-905 (Buviniden) Ludwig III. der Blinde
7%
894-898 (Guidonen) Lambert von Spoleto
3%
915-924 (Unruochinger) Berengar I. von Friaul
1%
Keine übereinstimmenden Quizze gefunden
Verteilung der Resultate
Anzahl Personen mit jedem Resultat
Perzentil nach korrekt beantworteten Fragen
Ihre Resultats-Entwicklung
Sie haben dieses Quiz noch nicht gespielt